Are these words real? 2 - Statistics

General Stats
  • This quiz has been taken 8 times
  • The average score is 9 of 15
Answer Stats
Question Answer % Correct
Wirth Made up
100%
Ambilant Made up
100%
Fect Made up
100%
Locus Real
100%
Taciturn Real
100%
Dombel Made up
50%
Phale Made up
50%
Androphysiac Made up
50%
Falossic Made up
50%
Logarithm Real
50%
Juxtapose Real
50%
Regurgitate Real
50%
Seraph Real
50%
Limerence Real
0%
Adynamia Real
0%
No matching quizzes found
Score Distribution
Percent of People with Each Score
Percentile by Number Answered
Your Score History
You have not taken this quiz